Sports Quiz

Random Sports or Football Quiz

Sports by Lego Quiz Stats

 Plays Quiz Updated May 22, 2018

Also try: Gaming with Legos
Challenge
Share
Tweet
Score 0/16 Timer 04:00
2 Plays Today
% Correct
Soccer
99.5%
Basketball
99.2%
Tennis
97.9%
Ice Hockey
97.4%
Football
96.3%
Swimming
95.4%
Boxing
95.4%
Darts
91.8%
% Correct
Track Cycling
90.4%
Sumo
89.2%
Auto Racing
89.1%
Curling
86.2%
Canoe Slalom
85.7%
Steeplechase
85.3%
Hammer Throw
66.2%
Synchronized Swimming
64.2%

You're not logged in!

Compare scores with friends on all Sporcle quizzes.
Join for Free
OR
Log In

You Might Also Like...

Show Comments

Extras

Top Quizzes Today


Score Distribution

Your Account Isn't Verified!

In order to create a playlist on Sporcle, you need to verify the email address you used during registration. Go to your Sporcle Settings to finish the process.

Report this User

Report this user for behavior that violates our Community Guidelines.

Details: